Κατάλογος Βιβλιοθηκών Mediterranean College

Η Εφαρμογή του HR σε Μικρομεσαία Οικογενειακή Ξενοδοχειακή Επιχείρηση (Record no. 8560)

MARC details
000 -LEADER
fixed length control field 01495cam a22001934a 4500
005 - ΗΜΕΡΟΜΗΝΙΑ ΚΑΙ ΩΡΑ ΤΕΛΕΥΤΑΙΑΣ ΕΝΗΜΕΡΩΣΗΣ
Πεδίο ελέγχου 20250605164339.0
008 - FIXED-LENGTH DATA ELEMENTS--GENERAL INFORMATION
Πεδίο ελέγχου σταθερού μήκους 250528s ||||||||||||||||||||||||d
035 ## - SYSTEM CONTROL NUMBER
System control number 23559
040 ## - ΠΗΓΗ ΚΑΤΑΛΟΓΟΓΡΑΦΗΣΗΣ
Φορέας πρωτότυπης καταλογογράφησης MC Athens Campus Library
Γλώσσα καταλογογράφησης Ελληνικά, Μοντέρνα (1453-)
Modifying agency MC Athens Campus Library
Κανόνες περιγραφικής καταλογογράφησης AACR2
245 1# - ΤΙΤΛΟΣ ΚΑΙ ΔΗΛΩΣΗ ΥΠΕΥΘΥΝΟΤΗΤΑΣ
Τίτλος Η Εφαρμογή του HR σε Μικρομεσαία Οικογενειακή Ξενοδοχειακή Επιχείρηση
260 ## - PUBLICATION, DISTRIBUTION, ETC.
Date of publication, distribution, etc. 2012
300 ## - PHYSICAL DESCRIPTION
Extent 44
520 ## - SUMMARY, ETC.
Summary, etc. Περίληψη, Εισαγωγή, Αρμοδιότητες Τμήματος HR Ξενοδοχείων, Εργασία και Πολιτικές Απασχόλησης Ξενοδοχείων, Επιλογή Συστήματος Διοίκησης (Αυταρχικό - Δημοκρατικό), Προβλήματα Εφαρμογής του HR σε Μικρά Οικογενειακά Ξενοδοχεία και Τρόποι Αντιμετώπισης, Επιλογή και Πρόσληψη Προσωπικού, Εκπαίδευση Προσωπικού στα Ξενοδοχεία, Κίνητρα και Αμοιβές, Η Συμβολή του HR στα Κέρδη του Ξενοδοχείου, Αντιμετώπιση Συγκρούσεων, Μεθοδολογία, Συμπεράσματα, Βιβλιογραφία Ελληνική - Διεθνής, Ηλεκτρονικές Πηγές.
700 1# - ΠΡΟΣΘΕΤΗ ΑΝΑΓΡΑΦΗ--ΦΥΣΙΚΟ ΠΡΟΣΩΠΟ
Personal name Αρβανιτάκης Ανδριανός
9 (RLIN) 9138
700 1# - ΠΡΟΣΘΕΤΗ ΑΝΑΓΡΑΦΗ--ΦΥΣΙΚΟ ΠΡΟΣΩΠΟ
Personal name Βασαλάκης Δημήτριος
9 (RLIN) 9139
942 ## - ADDED ENTRY ELEMENTS (KOHA)
Koha item type Διπλωματική εργασία
Holdings
Τύπος τεκμηρίου Βιβλιοθήκη Τρέχουσα τοποθεσία Barcode Ημερομηνία απόκτησης Ταξιθετικό σύμβολο Αριθμός αντιτύπου Κατάσταση απόσυρσης Κατάσταση χαμένου Κατάσταση κατεστραμμένου Μη δανεισμός Σύνολο δανεισμών Ημερομηνία τελευταίας εμφάνισης Η τιμή ισχύει από
Διπλωματική εργασία MC Athens Campus Library MC Athens Campus Library 9780000085597 05/06/2025 BUS 2012 (6) 1           05/06/2025 05/06/2025

MC Athens Campus Library
Πατησίων 94 & Κοδριγκτώνος 13, 104 34
Πελλήνης 8 & Πατησίων 107, 112 51
Τ: +30 210 8899600

MC Thessaloniki Campus Library
Ίωνος Δραγούμη 21, 54625 | Ίωνος Δραγούμη 15, 54625
Τ: +30 2310 287779 – Τ: +30 2314 440300